Derecho económico monetario (Registro nro. 1335)

Detalles MARC
000 -LEADER
fixed length control field 00958 a2200217 4500
001 - CONTROL NUMBER
control field 25228
005 - DATE AND TIME OF LATEST TRANSACTION
control field 20260407155536.0
008 - FIXED-LENGTH DATA ELEMENTS--GENERAL INFORMATION
fixed length control field 260407a1991 arg spa d
003 - CONTROL NUMBER IDENTIFIER
control field AR-UNSa-BCEJYS
040 ## - CATALOGING SOURCE
Original cataloging agency AR-UNSa-BCEJYS
Language of cataloging spa
Transcribing agency AR-UNSa-BCEJYS
080 ## - UNIVERSAL DECIMAL CLASSIFICATION NUMBER
Universal Decimal Classification number 336.745
Common auxiliary subdivision Cambio de monedas. Moneda extranjera
020 ## - INTERNATIONAL STANDARD BOOK NUMBER
International Standard Book Number 950-14-0605-9
100 1# - MAIN ENTRY--PERSONAL NAME
Personal name Gerscovich, Carlos Gustavo
245 10 - TITLE STATEMENT
Title Derecho económico monetario
Name of part/section of a work convertibilidad, moneda extranjera y responsabilidad del estado.
264 #1 - PRODUCTION, PUBLICATION, DISTRIBUTION, MANUFACTURE, AND COPYRIGHT NOTICE
Place of production, publication, distribution, manufacture Buenos Aires :
Name of producer, publisher, distributor, manufacturer Depalma
Date of production, publication, distribution, manufacture, or copyright notice 1991
300 ## - PHYSICAL DESCRIPTION
Extent 207 p.
Dimensions 23 cm.
505 ## - FORMATTED CONTENTS NOTE
Formatted contents note 1. Aspectos generales, monetarios y cambiarios - 2. Convertibilidad - 3. La moneda extranjera en las relaciones internas - 4. La moneda extranjera en las relaciones internacionales - 5. Responsabilidad del estado.
590 ## - LOCAL NOTE (RLIN)
Local note niveau_biblio:m niveau_hierar:0
856 41 - ELECTRONIC LOCATION AND ACCESS
Uniform Resource Identifier <a href="https://biblioeco.unsa.edu.ar/pmb/images/libros/L58777.jpg">https://biblioeco.unsa.edu.ar/pmb/images/libros/L58777.jpg</a>
Link text Imagen de portada
Electronic format type image/jpeg
942 ## - ADDED ENTRY ELEMENTS (KOHA)
Koha item type
Existencias
Withdrawn status Lost status Damaged status Not for loan Home library Current library Shelving location Date acquired Total checkouts Full call number Barcode Date last seen Price effective from Koha item type
        Biblioteca Prof. Eusebio Cleto del Rey Biblioteca Prof. Eusebio Cleto del Rey   07/04/2026   336.745 G381 L58777 07/04/2026 07/04/2026 Libro